| 000 | 00807nam a2200229 a 4500 | ||
|---|---|---|---|
| 001 | 000032639 | ||
| 005 | 20240313182404.0 | ||
| 008 | 110725s1939 dr r 000 0 spa d | ||
| 040 |
_aDO-SdBNP _bspa _cBNPHU |
||
| 082 |
_a923.9 _bL791C, 1939 |
||
| 100 | 1 |
_aLlaverías, Federico _910157 |
|
| 245 | 1 | 0 |
_aCristóbal Colón : _bel hallazgo de sus restos en Santo Domingo / _cFederico Llaverías. |
| 250 | _a4a. ed. | ||
| 260 | _a1939. | ||
| 300 |
_a27 p. : _bil., retrs. ; _c24 cm. |
||
| 500 | _aIncluye referencias bibliográficas y notas al pie de las paginas | ||
| 590 | _aInventariado, 2018/MFF | ||
| 600 | 0 |
_aCOLÓN, CRISTOBAL, _d1436-1456 _919795 |
|
| 650 | 4 |
_aTumbas _zRepública Dominicana _958528 |
|
| 651 | 4 |
_aRepública Dominicana _xAntiguidades _958529 |
|
| 910 | _aValidado. Control de calidad MFF | ||
| 999 |
_c32130 _d32130 |
||